| Tag |
First Indicator |
Second Indicator |
Subfields |
| LEADER |
00000cam a2200000Mi 4500 |
| 001 |
in00003833713 |
| 005 |
20190415180335.0 |
| 006 |
m o d |
| 007 |
cr cn||||||||| |
| 008 |
141104t20142014coua ob 001 0 eng d |
| 019 |
|
|
|a 961659187
|a 962719037
|
| 020 |
|
|
|a 9781680154634
|q electronic bk.
|
| 020 |
|
|
|a 168015463X
|q electronic bk.
|
| 020 |
|
|
|z 9781625760166
|
| 020 |
|
|
|z 9781616002773 (e-book)
|
| 020 |
|
|
|a 1625760167
|
| 020 |
|
|
|a 9781625760166
|
| 035 |
|
|
|a (OCoLC)ocn905746883
|
| 035 |
|
|
|a (OCoLC)905746883
|z (OCoLC)961659187
|z (OCoLC)962719037
|
| 040 |
|
|
|a CaPaEBR
|b eng
|e rda
|e pn
|c STF
|d OCLCO
|d KNOVL
|d E7B
|d COO
|d ZCU
|d OCLCF
|d UtOrBLW
|
| 043 |
|
|
|a n-us---
|
| 049 |
|
|
|a TXAM
|
| 050 |
1 |
4 |
|a HD4461
|b . A447 2014eb
|
| 082 |
0 |
4 |
|a 363.6/10681
|2 23
|
| 110 |
2 |
|
|a American Water Works Association.
|0 http://id.loc.gov/authorities/names/n79026966
|
| 245 |
1 |
0 |
|a Water utility capital financing /
|c American Water Works Association.
|
| 250 |
|
|
|a Fourth edition.
|
| 264 |
|
1 |
|a Denver, Colorado :
|b American Water Works Association,
|c 2014.
|
| 264 |
|
4 |
|c ©2014
|
| 300 |
|
|
|a 1 online resource (169 pages) :
|b illustrations.
|
| 336 |
|
|
|a text
|b txt
|2 rdacontent
|
| 337 |
|
|
|a computer
|b c
|2 rdamedia
|
| 338 |
|
|
|a online resource
|b cr
|2 rdacarrier
|
| 490 |
1 |
|
|a Manual of water supply practices ;
|v M29
|
| 504 |
|
|
|a Includes bibliographical references at the end of each chapters and index.
|
| 588 |
|
|
|a Description based on print version record.
|
| 650 |
|
0 |
|a Municipal water supply
|z United States
|x Finance
|v Handbooks, manuals, etc.
|
| 650 |
|
0 |
|a Waterworks
|z United States
|x Finance
|v Handbooks, manuals, etc.
|
| 650 |
|
0 |
|a Water utilities
|z United States
|x Finance
|v Handbooks, manuals, etc.
|
| 650 |
|
7 |
|a Municipal water supply
|x Finance.
|2 fast
|0 (OCoLC)fst01029495
|
| 650 |
|
7 |
|a Water utilities
|x Finance.
|2 fast
|0 (OCoLC)fst01172228
|
| 650 |
|
7 |
|a Waterworks
|x Finance.
|2 fast
|0 (OCoLC)fst01172822
|
| 651 |
|
7 |
|a United States.
|2 fast
|0 (OCoLC)fst01204155
|
| 655 |
|
7 |
|a Electronic books.
|2 local
|
| 655 |
|
7 |
|a Handbooks and manuals.
|2 fast
|0 (OCoLC)fst01423877
|
| 710 |
2 |
|
|a Knovel (Firm)
|0 http://id.loc.gov/authorities/names/nr2001027264
|
| 776 |
1 |
8 |
|i Print version:
|a American Water Works Association.
|t Water utility capital financing.
|b Fourth edition.
|d Denver, Colorado : American Water Works Association, c2014
|h xiii, 154 pages
|k AWWA manual ; M29.
|z 9781625760166
|w 2014030193
|
| 830 |
|
0 |
|a AWWA manual ;
|v M29.
|0 http://id.loc.gov/authorities/names/n83722177
|
| 856 |
4 |
0 |
|u http://proxy.library.tamu.edu/login?url=http://app.knovel.com/hotlink/toc/id:kpWUCFMWSG/water-utility-capital
|z Connect to the full text of this electronic book
|t 0
|
| 999 |
f |
f |
|s cbb499df-ca20-3e8c-ba65-b0e941084f5a
|i 22fa1b5f-8357-38f7-87d2-5ea9953831d3
|t 0
|
| 952 |
f |
f |
|a Texas A&M University
|b College Station
|c Electronic Resources
|d Available Online
|t 0
|e HD4461 . A447 2014eb
|h Library of Congress classification
|
| 998 |
f |
f |
|a HD4461 . A447 2014eb
|t 0
|l Available Online
|